| 000 | 00951nam a22002537a 4500 | ||
|---|---|---|---|
| 005 | 20170123162304.0 | ||
| 010 | _aB-029261 | ||
| 020 |
_c150.00 _a8187231262 |
||
| 035 | _aB-029261 | ||
| 037 | _bCen Lib/Ret | ||
| 040 |
_aDPL _bUR |
||
| 082 |
_a841.08 _bا ب و |
||
| 100 |
_aابے محمّد سحر _9109141 |
||
| 245 |
_aاردو میں قصیدہ نگاری / _cابے محمّد سحر |
||
| 246 |
_aUrdu mein qaseeda nigari / _bnu ABu Mohammad Sahar |
||
| 260 |
_aدہلی _bتخلیقکار پبلیشیرس _c2007 |
||
| 270 |
_bدہلی _a104/B- یاور منزل ١ بلاک لکشمی نگر _e110092 |
||
| 300 |
_a274p. _c21cm(Hb) |
||
| 650 |
_aشاعری، اردو - تاریخ اور تنقید. _9109142 |
||
| 650 |
_aشاعری، اردو _9109143 |
||
| 650 |
_a Laudatory poetry, Urdu -- History and criticism. _9109144 |
||
| 650 |
_aUrdu poetry _9109145 |
||
| 942 |
_2ddc _cUR _h841.08 _mا ب و |
||
| 999 |
_c106205 _d106205 |
||